00445nam a2200157Ia 450000500170000000800410001702000150005808200210007324500540009426000620014830000160021065000100022665000140023665000150025070000220026520250320032112.0240331s9999 xx 000 0 und d a955580026X bPRE25587a302.2 4aStudies on the Press in Sri Lankaband South Asia aKandy,bThe International Centre for Ethnic Studiesc1997 aiv, 312 p., aMedia aDemocracy aJournalism aPeiris, G. Heedt